Paroles : Je sais pas - Céline Dion - Statistiques

Statistiques générales
  • Ce quiz a été pris 186 fois
  • Le résultat moyen est 189 sur 232
Statistiques - réponses
Réponse % Correct
Je
97%
(Je
97%
Pas
97%
Pas)
97%
De
96%
Sais
96%
Le
95%
(Le
95%
À
94%
Des
94%
La
93%
Les
92%
Me
91%
Froid
90%
Froid)
90%
Mais
90%
Toi
90%
Toi)
90%
Sans
89%
(Sans
89%
Vie
88%
J'ai
87%
Hivers
84%
Hivers)
84%
Ça
83%
Appris
82%
Divines
77%
Machines
76%
Rivières
76%
Faire
74%
Pour
72%
Saurai
72%
Un
72%
Lois
71%
M'effraie
70%
Clous
68%
Colombe
67%
Coup
67%
Défier
67%
Détourner
67%
Traverser
67%
Tombe
66%
J'suis
65%
Par
65%
Prendre
65%
Rendre
65%
Aussi
64%
Faut
64%
Mers
64%
Qu'on
64%
Victime
64%
Narguer
63%
Qu'je
63%
M'abîme
62%
Bien
61%
Ici
61%
Porter
61%
Violence
61%
Défendre
60%
Son
59%
Et
57%
Ces
56%
On
56%
Après
55%
J'sais
55%
Poids
55%
River
55%
Sang
54%
Goût
53%
Silence
51%
Longtemps
50%
Lutte
50%
Depuis
49%
Peur
49%
Guerres
48%
Qui
48%
Nos
47%
N'ai
46%
Douleurs
45%
Tendres
45%
Amours
44%
Sombres
44%
N'est
41%
Colères
40%
Tenir
40%
Chaque
39%
Cru
39%
J'en
39%
Minute
39%
Savais
39%
Jour
38%
Commande
37%
Rouges
36%
Apprendre
31%
Pire
28%
Voulais
16%
Foutres
4%
Aucun quiz correspondant
Distribution des résultats
% des personnes avec chaque résultat
Percentile par nombre de réponses
Votre historique - résultats
Vous n’avez pas pris ce quiz